Welcome to WEB OPAC of MRSPTU Central Library

Unconventional Machining Processes (Record no. 6675)

MARC details
000 -LEADER
fixed length control field 00450nam a2200169Ia 4500
008 - FIXED-LENGTH DATA ELEMENTS--GENERAL INFORMATION
fixed length control field 230711s9999||||xx |||||||||||||| ||und||
020 ## - INTERNATIONAL STANDARD BOOK NUMBER
International Standard Book Number 978-81-269-1045-8
041 ## - LANGUAGE CODE
Language code of text/sound track or separate title ENG
082 ## - DEWEY DECIMAL CLASSIFICATION NUMBER
Classification number 671.35
Item number AD-U
100 ## - MAIN ENTRY--PERSONAL NAME
Personal name Adithan, M
245 #0 - TITLE STATEMENT
Title Unconventional Machining Processes
250 ## - EDITION STATEMENT
Edition statement 1st Ed.
260 ## - PUBLICATION, DISTRIBUTION, ETC.
Date of publication, distribution, etc. 2013
Place of publication, distribution, etc. New Delhi
Name of publisher, distributor, etc. Atlantic Publishers and Distributors ( P) Ltd
300 ## - PHYSICAL DESCRIPTION
Extent 299p.
650 ## - SUBJECT ADDED ENTRY--TOPICAL TERM
Topical term or geographic name entry element Mechanical Engineering
942 ## - ADDED ENTRY ELEMENTS (KOHA)
Koha item type Book
Holdings
Withdrawn status Lost status Damaged status Not for loan Collection Home library Current library Date acquired Source of acquisition Cost, normal purchase price Inventory number Total checkouts Full call number Barcode Date last seen Price effective from Koha item type
          MRSPTU Central Library MRSPTU Central Library   Krishna Book Distributors 350.00 KBD/2017-2018/1019443059   671.35 AD-U 39689 08/17/2023 08/17/2023 Book
          MRSPTU Central Library MRSPTU Central Library   Krishna Book Distributors 350.00 KBD/2017-2018/1019443059   671.35 AD-U 39690 08/17/2023 08/17/2023 Book
          MRSPTU Central Library MRSPTU Central Library   Krishna Book Distributors 350.00 KBD/2017-2018/1019443059   671.35 AD-U 39691 08/17/2023 08/17/2023 Book
          MRSPTU Central Library MRSPTU Central Library   Krishna Book Distributors 350.00 KBD/2017-2018/1019443059   671.35 AD-U 39692 08/17/2023 08/17/2023 Book
          MRSPTU Central Library MRSPTU Central Library   Krishna Book Distributors 350.00 KBD/2017-2018/1019443059   671.35 AD-U 39693 08/17/2023 08/17/2023 Book

Website Designed and Developed by MRSPTU Central Library Team

E-mail Id: librarian@mrsptu.ac.in